| 000 | 00931nam a22002531a 4500 | ||
|---|---|---|---|
| 999 |
_c2438 _d2438 |
||
| 008 | 200319s2011 ii ad||g m|||a00| 0 eng d | ||
| 040 |
_aKO _beng |
||
| 041 | 0 | _aeng | |
| 044 | _aii | ||
| 082 | 0 | 4 |
_223 _a378.242 _bIRM1012 |
| 100 | 1 |
_aJohn, Jerin Lukose _eResearcher |
|
| 245 | 3 | 0 |
_aA Comprehensive Study of Trans Asia Shipping Company with Reference to Chennai Branch / _cJerin Lukose John; Guide Dr. B. Swaminathan |
| 260 |
_aKochi : _bIndian Maritime University, _c2011 |
||
| 300 |
_av, 60p. : _bill., charts ; _c29 cm. |
||
| 490 | 0 |
_aMBA Internship 2010-12 ; _v1024217212 |
|
| 502 | _aInternship (MBA)–Indian Maritime University. School of Maritime Management, 2011. | ||
| 610 | _aTrans Asia Shipping Company, Chennai. | ||
| 650 | 0 |
_aIndustrial organization _xCase studies |
|
| 655 | 7 |
_2lcsh _aDissertations, Academic _y2011 |
|
| 700 | 1 |
_aSwaminathan, B. _cDr. _eGuide |
|
| 904 | _aA_BOSE | ||
| 942 | _cTH | ||